000 00743nam a2200241Ia 4500
001 Z_78
003 CHAP
008 220113s[198 xx 000 0 und d
010 _a163046
040 _cCHAP
090 _aFolleto 104
100 _aGalván Castillo, Natividad
_944509
245 _aAvena forrajera en Anáhuac, N. L. /
_cpor Natividad Galván Castillo
260 _aCd. Anáhuac, N. L. :
_bINIA. Campo Agrícola Experimental Anáhuac,
_c[198
300 _aHoja desplegable
650 _aAvena como forraje I. Instituto Nacional de Investigaciones Agrícolas. México. Campo Agrícola Experimental Anáhuac
_9137270
901 _aFOLLETO 104
902 _aM
910 _a[198
942 _cc14
942 _cc14
999 _c163046
_d163046